[Event "Vaxjo op"]
[Site "Vaxjo"]
[Date "2025.02.07"]
[Round "1"]
[White "Ernst, Thomas"]
[Black "Madevan Vaishnavi, Yaashvan"]
[Result "1-0"]
[WhiteElo "2299"]
[BlackElo "1867"]
[PlyCount "37"]
[EventDate "2025.02.07"]
[EventType "swiss"]
[EventRounds "8"]
[EventCountry "SWE"]
[SourceTitle "CB07_2025"]
[SourceDate "2025.02.12"]
[SourceVersion "1"]
[SourceVersionDate "2025.02.12"]
[SourceQuality "1"]

1. e4 c5 2. Nf3 g6 3. c4 Nc6 4. d4 cxd4 5. Nxd4 Bg7 6. Be3 d6 7. Nc3 Nf6 8. Be2 Bd7 9. 0-0 0-0 10. f3 Re8 11. Qd2 Nxd4 12. Bxd4 Bc6 13. b4 a6 14. a4 b6 15. a5 bxa5 16. Rxa5 Bb7 17. Kh1 Qc7 18. Raa1 Bc6 19. Rab1 1-0

[Event "Karlstad op"]
[Site "Karlstad"]
[Date "2024.12.27"]
[Round "1"]
[White "Silseth, Simon"]
[Black "Madevan Vaishnavi, Yaashvan"]
[Result "1-0"]
[WhiteElo "2207"]
[BlackElo "1808"]
[PlyCount "77"]
[EventDate "2024.12.27"]
[EventType "swiss"]
[EventRounds "8"]
[EventCountry "SWE"]
[SourceTitle "CB01_2025"]
[SourceDate "2025.01.01"]
[SourceVersion "1"]
[SourceVersionDate "2025.01.01"]
[SourceQuality "1"]

1. c4 e5 2. Nc3 Nf6 3. Nf3 Nc6 4. g3 Bc5 5. Bg2 0-0 6. 0-0 d6 7. a3 a6 8. d3 Be6 9. b4 Ba7 10. Bb2 Qd7 11. Ng5 Rab8 12. Nxe6 fxe6 13. e3 Kh8 14. b5 Ne7 15. a4 a5 16. d4 exd4 17. exd4 Nf5 18. Ne2 Qf7 19. Rc1 Rfd8 20. Qd3 c6 21. Bc3 Bb6 22. bxc6 bxc6 23. Qd2 Qc7 24. Nf4 Re8 25. Rce1 e5 26. Ne2 exd4 27. Nxd4 Nxd4 28. Bxd4 Bxd4 29. Qxd4 Rxe1 30. Rxe1 h6 31. h4 c5 32. Qf4 Qd7 33. Rd1 Rb6 34. Bf3 Qe7 35. Qd2 Rb4 36. Bc6 Qc7 37. Bb5 Ne4 38. Qe3 Nf6 39. Qe6 1-0